[Event "35. Rilton Cup 2005/2006"]
[Site "Stockholm"]
[Date "2006.01.05"]
[Round "9.10"]
[White "Cicak, Slavko"]
[Black "Lindberg, Bengt"]
[Result "1-0"]
[WhiteElo "2497"]
[BlackElo "2420"]
[PlyCount "51"]
[EventDate "2005.12.27"]
[EventType "swiss"]
[EventRounds "9"]
[EventCountry "SWE"]
[Source "lmi"]
[SourceDate "2006.01.06"]

1. e4 c5 2. Bc4 e6 3. Qe2 Nc6 4. Nf3 d6 5. c3 Nf6 6. Bb3 Be7 7. O-O O-O 8. d4
cxd4 9. cxd4 e5 10. dxe5 dxe5 11. Rd1 Qb6 12. h3 Bc5 13. Bg5 Nd4 14. Nxd4 Bxd4
15. Nd2 Be6 16. Bxf6 gxf6 17. Nf3 Bxb3 18. axb3 Rad8 19. Nxd4 Rxd4 20. Rxd4
exd4 21. Rd1 Rd8 22. Rd3 Qc6 23. Qd2 Qxe4 24. Rg3+ Kf8 25. Qb4+ Ke8 26. Re3 1-0

[Event "35. Rilton Cup 2005/2006"]
[Site "Stockholm"]
[Date "2006.01.05"]
[Round "9.11"]
[White "Berczes, Csaba"]
[Black "Jaracz, Pawel"]
[Result "1/2-1/2"]
[WhiteElo "2389"]
[BlackElo "2492"]
[PlyCount "33"]
[EventDate "2005.12.27"]
[EventType "swiss"]
[EventRounds "9"]
[EventCountry "SWE"]
[Source "lmi"]
[SourceDate "2006.01.06"]

1. e4 d6 2. d4 g6 3. Nc3 c6 4. Be3 Nf6 5. f3 b5 6. Qd2 Nbd7 7. a4 b4 8. Nd1 a5
9. Bd3 Bg7 10. Bh6 O-O 11. Bxg7 Kxg7 12. Ne2 c5 13. Ne3 cxd4 14. Nxd4 Bb7 15.
Bb5 Nc5 16. Rd1 Kh8 17. O-O 1/2-1/2

[Event "35. Rilton Cup 2005/2006"]
[Site "Stockholm"]
[Date "2006.01.05"]
[Round "9.12"]
[White "Ask, Josef"]
[Black "Akesson, Ralf"]
[Result "0-1"]
[WhiteElo "2236"]
[BlackElo "2486"]
[PlyCount "60"]
[EventDate "2005.12.27"]
[EventType "swiss"]
[EventRounds "9"]
[EventCountry "SWE"]
[Source "lmi"]
[SourceDate "2006.01.06"]

1. d4 Nf6 2. Nf3 e6 3. Bg5 h6 4. Bh4 b6 5. e3 Bb7 6. Be2 d6 7. O-O g5 8. Bg3
Ne4 9. Nfd2 Nxg3 10. hxg3 Nd7 11. a4 a5 12. Na3 Bg7 13. c3 O-O 14. Bf3 d5 15.
e4 g4 16. Bxg4 dxe4 17. Nac4 f5 18. Bh3 Qg5 19. Qb3 Kh8 20. Ne3 Rae8 21. Qb5
Re7 22. Ndc4 Ba8 23. d5 exd5 24. Nd2 Nc5 25. Nb3 Nd3 26. Nd4 Bxd4 27. cxd4 f4
28. gxf4 Nxf4 29. Bg4 h5 30. Bd1 Nxg2 0-1

[Event "35. Rilton Cup 2005/2006"]
[Site "Stockholm"]
[Date "2006.01.05"]
[Round "9.13"]
[White "Iordachescu, Viorel"]
[Black "Furhoff, Johan"]
[Result "1-0"]
[WhiteElo "2583"]
[BlackElo "2354"]
[PlyCount "115"]
[EventDate "2005.12.27"]
[EventType "swiss"]
[EventRounds "9"]
[EventCountry "SWE"]
[Source "lmi"]
[SourceDate "2006.01.06"]

1. c4 e5 2. Nc3 Nc6 3. Nf3 f5 4. d4 e4 5. Nd2 Nf6 6. e3 g6 7. Be2 Bh6 8. g3 O-O
9. a3 Ne7 10. b4 d5 11. a4 Be6 12. b5 Re8 13. Ba3 dxc4 14. Bxc4 Bxc4 15. Nxc4
Ned5 16. Qb3 Nxc3 17. Qxc3 Qd5 18. O-O Rac8 19. Rac1 g5 20. Ne5 f4 21. gxf4
gxf4 22. Kh1 Bg7 23. Rg1 h6 24. Rg6 Kh7 25. Rcg1 Nh5 26. Bb2 Rg8 27. Qc4 Qxc4
28. Nxc4 Ng3+ 29. R6xg3 fxg3 30. hxg3 h5 31. Nd2 Rge8 32. Nc4 Rf8 33. Kg2 Kg6
34. Rc1 h4 35. gxh4 Bf6 36. Nd2 Rce8 37. Rxc7 Bxh4 38. f3 Rc8 39. Rc5 Be7 40.
Nxe4 Bxc5 41. dxc5 Kh5 42. Kf2 Rc7 43. Bd4 Rcf7 44. f4 Kg4 45. Ke2 Re7 46. Kd3
Kf5 47. Nd6+ Ke6 48. Kc4 b6 49. f5+ Kd7 50. Kd5 Kc7 51. e4 bxc5 52. Bxc5 Rd7
53. Ke6 Rh8 54. e5 Rh1 55. Bxa7 Re1 56. Bb6+ Kxb6 57. Kxd7 Rxe5 58. Nc4+ 1-0

[Event "35. Rilton Cup 2005/2006"]
[Site "Stockholm"]
[Date "2006.01.05"]
[Round "9.14"]
[White "Hillarp Persson, Tiger"]
[Black "Van Beek, Alexander"]
[Result "0-1"]
[WhiteElo "2534"]
[BlackElo "2334"]
[PlyCount "112"]
[EventDate "2005.12.27"]
[EventType "swiss"]
[EventRounds "9"]
[EventCountry "SWE"]
[Source "lmi"]
[SourceDate "2006.01.06"]

1. d4 d5 2. c4 c6 3. Nc3 dxc4 4. e4 b5 5. a4 b4 6. Na2 Nf6 7. f3 e5 8. dxe5
Qxd1+ 9. Kxd1 Nfd7 10. e6 fxe6 11. Bxc4 Nb6 12. Bb3 a5 13. Be3 N8d7 14. Bxe6
Nxa4 15. Nc1 Bc5 16. Bxd7+ Bxd7 17. Bxc5 Nxc5 18. Nge2 Ke7 19. Kd2 a4 20. Nd4
Rhb8 21. Ke3 g6 22. Nce2 Nb7 23. f4 c5 24. Nf3 Nd6 25. Ne5 Bb5 26. Rhc1 Rc8 27.
Ng1 c4 28. Ngf3 Ra7 29. Nd4 Be8 30. f5 Rac7 31. Rf1 gxf5 32. exf5 Kf6 33. Kf4
c3 34. bxc3 Rxc3 35. g4 b3 36. Rf2 Rc1 37. g5+ Kg7 38. f6+ Kg8 39. Rxc1 Rxc1
40. Rd2 Nc4 41. Nxc4 Rxc4 42. Ke5 Rb4 43. Rb2 Bf7 44. Nf5 Kf8 45. Rd2 Rb5+ 46.
Kf4 Bd5 47. Nd6 Rb4+ 48. Ke5 b2 49. Rc2 Bc4 50. Rxb2 Rxb2 51. Nxc4 Rxh2 52. Ke6
Re2+ 53. Kd5 Kf7 54. Kd4 Kg6 55. Ne5+ Kxg5 56. f7 Rf2 0-1

[Event "35. Rilton Cup 2005/2006"]
[Site "Stockholm"]
[Date "2006.01.05"]
[Round "9.15"]
[White "Cramling, Pia"]
[Black "Stokke, Kjetil"]
[Result "1-0"]
[WhiteElo "2492"]
[BlackElo "2293"]
[PlyCount "69"]
[EventDate "2005.12.27"]
[EventType "swiss"]
[EventRounds "9"]
[EventCountry "SWE"]
[Source "lmi"]
[SourceDate "2006.01.06"]

1. d4 Nf6 2. Nf3 g6 3. c4 Bg7 4. Nc3 O-O 5. Bg5 d6 6. e3 c5 7. d5 h6 8. Bh4 g5
9. Bg3 Nh5 10. Bd3 f5 11. O-O Nxg3 12. hxg3 e5 13. Nh2 g4 14. e4 f4 15. Nxg4
Qg5 16. Nh2 fxg3 17. fxg3 Rxf1+ 18. Qxf1 Qe3+ 19. Kh1 a6 20. Nf3 h5 21. Re1 Qh6
22. Nh4 Qg5 23. Nf5 Bf8 24. Qf3 Ra7 25. Rf1 b6 26. Nd4 Bh6 27. Ne6 Qg6 28. Qf5
Qxg3 29. Rf3 Qh4+ 30. Rh3 Qe1+ 31. Bf1 Rf7 32. Qg6+ Bg7 33. Kh2 Qxf1 34. Rf3
Bxe6 35. Rxf1 1-0

[Event "35. Rilton Cup 2005/2006"]
[Site "Stockholm"]
[Date "2006.01.05"]
[Round "9.16"]
[White "Jaracz, Barbara"]
[Black "Ernst, Thomas"]
[Result "1/2-1/2"]
[WhiteElo "2281"]
[BlackElo "2475"]
[PlyCount "61"]
[EventDate "2005.12.27"]
[EventType "swiss"]
[EventRounds "9"]
[EventCountry "SWE"]
[Source "lmi"]
[SourceDate "2006.01.06"]

1. e4 c5 2. Nf3 d6 3. d4 cxd4 4. Nxd4 Nf6 5. Nc3 a6 6. Be3 e6 7. f3 b5 8. Qd2
Nbd7 9. g4 h6 10. O-O-O Bb7 11. Bd3 Ne5 12. h4 b4 13. Nce2 d5 14. g5 dxe4 15.
gxf6 exd3 16. fxg7 Bxg7 17. cxd3 Nxf3 18. Nxf3 Bxf3 19. Rhg1 Bxe2 20. Qxe2 Bd4
21. Kb1 Bxe3 22. Qxe3 Qxh4 23. Qe5 Rf8 24. d4 Qh3 25. Rgf1 Rd8 26. d5 Rxd5 27.
Qb8+ Ke7 28. Qxb4+ Ke8 29. Qb8+ Ke7 30. Qb7+ Ke8 31. Qb8+ 1/2-1/2

[Event "35. Rilton Cup 2005/2006"]
[Site "Stockholm"]
[Date "2006.01.05"]
[Round "9.17"]
[White "Berczes, David"]
[Black "Nithander, Victor"]
[Result "1-0"]
[WhiteElo "2475"]
[BlackElo "2243"]
[PlyCount "139"]
[EventDate "2005.12.27"]
[EventType "swiss"]
[EventRounds "9"]
[EventCountry "SWE"]
[Source "lmi"]
[SourceDate "2006.01.06"]

1. d4 Nf6 2. c4 g6 3. Nc3 Bg7 4. e4 d6 5. Be2 O-O 6. Nf3 e5 7. O-O Na6 8. Re1
c6 9. Bf1 exd4 10. Nxd4 Ng4 11. h3 Qb6 12. hxg4 Qxd4 13. g5 Qxd1 14. Rxd1 Be5
15. Ne2 Nc5 16. f3 Be6 17. Nd4 a5 18. Be3 Rae8 19. Rd2 a4 20. Rad1 Bc8 21. Ne2
Be6 22. Rxd6 Bxd6 23. Rxd6 Na6 24. Nc3 Rd8 25. e5 Ra8 26. a3 Nc7 27. Bb6 Rfc8
28. Ne4 Ne8 29. Rd2 Ra6 30. c5 Raa8 31. Be2 Kf8 32. g4 Ke7 33. Kf2 Bd5 34. Nc3
Bb3 35. f4 Nc7 36. Ke3 Nd5+ 37. Nxd5+ Bxd5 38. Bd3 Rh8 39. Rh2 Rag8 40. Ba5 Be6
41. f5 gxf5 42. gxf5 Rxg5 43. fxe6 fxe6 44. Be1 Kd7 45. Be4 h5 46. Bh4 Rg1 47.
Bf6 Rh6 48. Kf2 Rg4 49. Kf3 Rg8 50. Rg2 Rf8 51. Kf4 Rhh8 52. Bg6 Rhg8 53. Kg5
Ra8 54. Kxh5 Kc7 55. Rd2 Rgf8 56. Kh6 Ra5 57. Be7 Rfa8 58. Bd6+ Kc8 59. Rf2 b5
60. Be4 R8a6 61. Rf8+ Kb7 62. Rf7+ Kc8 63. Rc7+ Kd8 64. Rb7 Ra8 65. Bxc6 R5a7
66. Kg6 b4 67. axb4 a3 68. bxa3 Rxa3 69. Rh7 Rg3+ 70. Kf6 1-0

[Event "35. Rilton Cup 2005/2006"]
[Site "Stockholm"]
[Date "2006.01.05"]
[Round "9.18"]
[White "Blomqvist, Erik"]
[Black "Kolbus, Dietmar"]
[Result "0-1"]
[WhiteElo "2107"]
[BlackElo "2413"]
[PlyCount "102"]
[EventDate "2005.12.27"]
[EventType "swiss"]
[EventRounds "9"]
[EventCountry "SWE"]
[Source "lmi"]
[SourceDate "2006.01.06"]

1. e4 c5 2. Nf3 d6 3. d4 cxd4 4. Nxd4 Nf6 5. Nc3 a6 6. Bg5 Nbd7 7. f4 Qc7 8.
Qf3 b5 9. O-O-O Bb7 10. Bd3 Qb6 11. Bxf6 Nxf6 12. Nd5 Nxd5 13. exd5 g6 14. Rhe1
Bg7 15. Nc6 Bxc6 16. dxc6 Rc8 17. Be4 Rc7 18. h4 Bf6 19. h5 g5 20. fxg5 Bxg5+
21. Kb1 h6 22. Rf1 Rf8 23. Bd5 e6 24. Rde1 Be7 25. Qf4 Qc5 26. Bf3 Bg5 27. Qe4
Kd8 28. Qd3 d5 29. Bg4 Rxc6 30. Re5 f5 31. Bxf5 Qc4 32. Qxc4 bxc4 33. Bd3 Rxf1+
34. Bxf1 Ke7 35. c3 Kd6 36. Re2 e5 37. Kc2 d4 38. cxd4 exd4 39. Rf2 d3+ 40. Kd1
Ke5 41. Rf3 Rb6 42. b3 a5 43. Bxd3 cxd3 44. Rxd3 Rc6 45. a3 Ke4 46. Rf3 Rc1+
47. Ke2 Rc2+ 48. Kf1 Ra2 49. a4 Rb2 50. Kg1 Be3+ 51. Kh2 Rxb3 0-1

[Event "35. Rilton Cup 2005/2006"]
[Site "Stockholm"]
[Date "2006.01.05"]
[Round "9.19"]
[White "Sisatto, Olli"]
[Black "Jens, Jelmer"]
[Result "1/2-1/2"]
[WhiteElo "2250"]
[BlackElo "2366"]
[PlyCount "60"]
[EventDate "2005.12.27"]
[EventType "swiss"]
[EventRounds "9"]
[EventCountry "SWE"]
[Source "lmi"]
[SourceDate "2006.01.06"]

1. d4 Nf6 2. Nf3 e6 3. c4 b6 4. g3 Ba6 5. b3 d5 6. Bg2 Bb4+ 7. Bd2 Bd6 8. O-O
Nbd7 9. cxd5 exd5 10. Bc3 O-O 11. Re1 Re8 12. Bb2 Ne4 13. Nc3 c6 14. Qc2 Rc8
15. Nxe4 dxe4 16. Ne5 Nxe5 17. dxe5 Bxe5 18. Bxe5 Rxe5 19. Bxe4 g6 20. Rad1 Qe8
21. Bd3 Bb7 22. e4 c5 23. f4 Re7 24. e5 Rd8 25. Be4 Bxe4 26. Qxe4 Rxd1 27. Rxd1
Rd7 28. Rxd7 Qxd7 29. Kf2 Qd2+ 30. Qe2 Qd4+ 1/2-1/2

[Event "35. Rilton Cup 2005/2006"]
[Site "Stockholm"]
[Date "2006.01.05"]
[Round "9.21"]
[White "Couso, Luis"]
[Black "Mardell, Jimmy"]
[Result "1/2-1/2"]
[WhiteElo "2347"]
[BlackElo "2140"]
[PlyCount "51"]
[EventDate "2005.12.27"]
[EventType "swiss"]
[EventRounds "9"]
[EventCountry "SWE"]
[Source "lmi"]
[SourceDate "2006.01.06"]

1. e4 c5 2. Nf3 d6 3. d4 cxd4 4. Nxd4 Nf6 5. Nc3 g6 6. Be3 Bg7 7. f3 O-O 8. Qd2
Nc6 9. O-O-O d5 10. exd5 Nxd5 11. Nxc6 bxc6 12. Bd4 Nxc3 13. Qxc3 Bh6+ 14. Be3
Bxe3+ 15. Qxe3 Qb6 16. Qxe7 Be6 17. Qa3 Rad8 18. Bd3 Rd5 19. Rhe1 Ra5 20. Qc3
Rxa2 21. b3 Ra5 22. Rxe6 fxe6 23. Bc4 Kf7 24. b4 Rd5 25. Bxd5 cxd5 26. Qd4
1/2-1/2

[Event "35. Rilton Cup 2005/2006"]
[Site "Stockholm"]
[Date "2006.01.05"]
[Round "9.22"]
[White "Martinsen, Stig K"]
[Black "Marttala, Thomas"]
[Result "1/2-1/2"]
[WhiteElo "2124"]
[BlackElo "2269"]
[PlyCount "68"]
[EventDate "2005.12.27"]
[EventType "swiss"]
[EventRounds "9"]
[EventCountry "SWE"]
[Source "lmi"]
[SourceDate "2006.01.06"]

1. e4 c5 2. Nf3 e6 3. c3 Nf6 4. e5 Nd5 5. d4 cxd4 6. cxd4 d6 7. Bc4 Nc6 8. O-O
Nb6 9. Bb5 Be7 10. Nc3 Bd7 11. exd6 Bxd6 12. d5 exd5 13. Nxd5 Be6 14. Nf4 Bxf4
15. Bxf4 O-O 16. Be3 h6 17. b3 Nd5 18. Bc5 Nc3 19. Qxd8 Rfxd8 20. Bxc6 bxc6 21.
Rfe1 Bd5 22. Nd4 Ne4 23. Ba3 c5 24. Nf5 Kh7 25. f3 Ng5 26. Bxc5 Bxf3 27. Nd6
Bh5 28. Re7 Ne6 29. b4 a5 30. Nxf7 axb4 31. Rxe6 Bxf7 32. Re7 Rxa2 33. Rxa2
Bxa2 34. Bxb4 Kg8 1/2-1/2

[Event "35. Rilton Cup 2005/2006"]
[Site "Stockholm"]
[Date "2006.01.05"]
[Round "9.24"]
[White "Logdahl, Harald"]
[Black "Flindt, Thomas"]
[Result "0-1"]
[WhiteElo "2233"]
[BlackElo "2177"]
[PlyCount "58"]
[EventDate "2005.12.27"]
[EventType "swiss"]
[EventRounds "9"]
[EventCountry "SWE"]
[Source "lmi"]
[SourceDate "2006.01.06"]

1. e4 e5 2. Nc3 Bc5 3. Nf3 d6 4. d3 Ne7 5. g3 Nbc6 6. Bg2 O-O 7. Be3 Bxe3 8.
fxe3 f5 9. Qe2 fxe4 10. dxe4 a6 11. O-O-O b5 12. Nh4 Be6 13. g4 Bc4 14. Qe1 b4
15. Nd5 a5 16. Kb1 a4 17. Nf5 Rf7 18. Bf1 Bxf1 19. Rxf1 b3 20. cxb3 axb3 21. a3
Nxd5 22. exd5 Na5 23. Qb4 Qf8 24. Rc1 g6 25. Ng3 Rf2 26. g5 Qf3 27. Qc3 Rxf1
28. Rxf1 Qxd5 29. Qxc7 Nc4 0-1

[Event "35. Rilton Cup 2005/2006"]
[Site "Stockholm"]
[Date "2006.01.05"]
[Round "9.25"]
[White "Marder, Simon"]
[Black "Kosmo, Santul"]
[Result "0-1"]
[WhiteElo "2048"]
[BlackElo "2232"]
[PlyCount "118"]
[EventDate "2005.12.27"]
[EventType "swiss"]
[EventRounds "9"]
[EventCountry "SWE"]
[Source "lmi"]
[SourceDate "2006.01.06"]

1. d4 e6 2. e4 d5 3. Nc3 Nf6 4. e5 Nfd7 5. Nce2 c5 6. c3 Nc6 7. f4 Qb6 8. a3
Be7 9. Nf3 O-O 10. g3 f6 11. Bg2 cxd4 12. cxd4 a5 13. b3 Qa7 14. Qd3 b5 15. Bh3
Kh8 16. Qxb5 Qc7 17. Bxe6 Rb8 18. Qd3 Ndxe5 19. Nxe5 Bxe6 20. Nxc6 Qxc6 21. O-O
Bc8 22. Qc3 Qb6 23. Bd2 Qxb3 24. Qxa5 Bh3 25. Rf2 Ra8 26. Qc3 Rxa3 27. Qxb3
Rxb3 28. Nc3 Rfb8 29. Re2 Ba3 30. Rae1 h6 31. Nxd5 Bb2 32. Re8+ Kh7 33. Rxb8
Bxd4+ 34. Be3 Bxe3+ 35. Rxe3 Rxb8 36. Nc3 Rb2 37. Re2 Rb3 38. Re3 Rb2 39. Re2
Rb3 40. Re3 Kg6 41. Kf2 Bg4 42. Ne2 Rb2 43. Re7 Kf5 44. h3 Rxe2+ 45. Rxe2 Bxe2
46. Kxe2 Ke4 47. h4 h5 48. Kf2 Kd3 49. Kf3 f5 50. Kf2 Kd2 51. Kf3 Ke1 52. Kg2
Ke2 53. Kh3 Kf3 54. Kh2 Kf2 55. Kh3 Kg1 56. g4 hxg4+ 57. Kg3 g6 58. h5 gxh5 59.
Kh4 Kh2 0-1